Welcome to CU Library Online Public Access Catalogue (OPAC)

Vital church issues : (Record no. 6174)

MARC details
000 -LEADER
fixed length control field 00582nam a2200181 a 4500
001 - CONTROL NUMBER
control field 1688096
005 - DATE AND TIME OF LATEST TRANSACTION
control field 20250603090639.0
008 - FIXED-LENGTH DATA ELEMENTS--GENERAL INFORMATION
fixed length control field 990216s1998 miu b 000 0 eng d
020 ## - INTERNATIONAL STANDARD BOOK NUMBER
International Standard Book Number 0825440955
050 00 - LIBRARY OF CONGRESS CALL NUMBER
Classification number BV652.1
Item number .V58 1998
245 00 - TITLE STATEMENT
Title Vital church issues :
Remainder of title examining principles and practices in church leadership /
Statement of responsibility, etc. Roy B. Zuck, general editor.
260 ## - PUBLICATION, DISTRIBUTION, ETC.
Place of publication, distribution, etc. Grand Rapids, MI :
Name of publisher, distributor, etc. Kregel Resources,
Date of publication, distribution, etc. c1998.
300 ## - PHYSICAL DESCRIPTION
Extent 248 p. ;
Dimensions 22 cm.
440 #4 - SERIES STATEMENT/ADDED ENTRY--TITLE
Title The vital issues series ;
Volume/sequential designation v. 11
650 #0 - SUBJECT ADDED ENTRY--TOPICAL TERM
Topical term or geographic name entry element Christian leadership.
700 1# - ADDED ENTRY--PERSONAL NAME
Personal name Zuck, Roy B.
942 ## - ADDED ENTRY ELEMENTS (KOHA)
Source of classification or shelving scheme Library of Congress Classification
Koha item type Books
Suppress in OPAC No
999 ## -
-- 6174
-- 6174
Holdings
Withdrawn status Lost status Source of classification or shelving scheme Damaged status Not for loan Collection Home library Current library Shelving location Date acquired Total checkouts Full call number Barcode Date last seen Copy number Price effective from Koha item type
    Library of Congress Classification     Non-fiction Undergraduate Library (Christ Temple) Undergraduate Library (Christ Temple) General stacks 06/03/2025   BV652.1 VIT ulct00002895 06/03/2025 1 06/03/2025 Books
    Library of Congress Classification     Non-fiction Undergraduate Library (Christ Temple) Undergraduate Library (Christ Temple) General stacks 06/03/2025   BV652.1 VIT ulct00002896 06/03/2025 2 06/03/2025 Books
    Library of Congress Classification     Non-fiction Undergraduate Library (Christ Temple) Undergraduate Library (Christ Temple) General stacks 06/03/2025   BV652.1 VIT ulct00002897 06/03/2025 3 06/03/2025 Books
© 2023-2024 Copyright: Central University Libraries. All Rights Reserved | Created by: Mahone Tech Office